000 01303nam a2200277Ia 4500
003 OSt
005 20221005105923.0
006 a|||||r|||| 00| 0
007 ta
008 221004b |||||||| |||| 00| 0 tam d
020 _a8126011971 (hbk)
_c750
024 _a92851
037 _b494, 19/03/2009, Vani Prakashan
_cTextual
040 _aCRL
_cCRL
_btam
041 _2tam
_atam
082 _aO31,3N44,AK, 152P2
100 _aमीरान, तोप्पिल मोहम्मद
245 0 _aआराम कुर्सी, अन0ु एच बालसुब्रह्मण्यम
246 _aĀrām kursī, ana0u ech bālasubrahmaṇyama
260 _aनई दिल्ली
_bसाहित्य अकादेमी भारत
_c2002
300 _a259पृ0
_ccm.
490 _aसाहित्य अकादेमी पुरस्कार प्राप्त तमिल उपन्यास
700 _a बालसुब्रह्मण्यम, एच., अनु.
_9624001
942 _hO31,3N44,AK, 152P2
_cTEXL
_2cc
999 _c1017279
_d1017279